| 000 | 01277nac a22003371i 4500 | ||
|---|---|---|---|
| 003 | EG-ScBUE | ||
| 005 | 20250617102129.0 | ||
| 008 | 250617t2008 gw a f b 001 0 eng d | ||
| 020 | _a9783540311508 : | ||
| 035 | _a(OCoLC)ocn190859538 | ||
| 040 |
_aEG-ScBUE _beng _erda _cEG-ScBUE _dEG-ScBUE |
||
| 082 | 0 | 4 |
_a538 _bGET _222 |
| 100 | 1 |
_aGetzlaff, Mathias, _eauthor. |
|
| 245 | 1 | 0 |
_aFundamentals of magnetism / _cMathias Getzlaff. |
| 264 | 1 |
_aBerlin : _bSpringer, _c[2008] |
|
| 264 | 4 | _cc2008 | |
| 300 |
_axiv, 387 pages : _billustrations ; _c24 cm |
||
| 336 |
_2rdacontent _atext _btxt |
||
| 337 |
_aunmediated _2rdamedia _bn |
||
| 338 |
_avolume _bnc _2rdacarrier |
||
| 504 | _aIncludes bibliographical references and index. | ||
| 650 | 7 |
_aMagnetism. _2BUEsh |
|
| 650 | 7 |
_aMagnetism _xMathematical models. _2BUEsh |
|
| 650 | 7 |
_aMagnetic fields. _2BUEsh |
|
| 650 | 7 |
_aNuclear physics. _2BUEsh |
|
| 655 | _vReading book | ||
| 856 | 4 | 2 |
_3Contributor biographical information _uhttp://www.loc.gov/catdir/enhancements/fy0824/2007934345-b.html |
| 856 | 4 | 2 |
_3Publisher description _uhttp://www.loc.gov/catdir/enhancements/fy0824/2007934345-d.html |
| 856 | 4 | 2 |
_3Table of contents only _uhttp://www.loc.gov/catdir/enhancements/fy0824/2007934345-t.html |
| 942 |
_cBB _2ddc |
||
| 999 |
_c8809 _d8809 |
||